000 00718nam a2200241Ia 4500
003 OSt
005 20220926041649.0
006 a|||||r|||| 00| 0
007 ta
008 220923b |||||||| |||| 00| 0 eng d
037 _cGeneral Book
040 _aRTL
_cRTL
_beng
041 _2eng
_aeng
082 _aL:5:(X76).3.N5, J6
100 _aAbel Smith Brian
245 0 _aCost of the naitonal health service
_bIn England and
260 _c1956
490 _aNational Institute of Economic and Social Research
650 _aMedicine
_94387
700 _a Titmuss Richard M
_9120863
942 _hL:5:(X76).3.N5, J6
_cGB
_2CC
999 _c667756
_d667756